|
|
|
|
| LEADER |
00000cam a2200000 a 4500 |
| 001 |
vtls001334076 |
| 003 |
SK-MaSNL |
| 005 |
20260301065944.0 |
| 008 |
240314s1998 xo a r 000 0 slo |
| 015 |
|
|
|a SNBA1998/09-03350
|
| 020 |
|
|
|a 802231286X
|
| 035 |
|
|
|a SNK000287010
|
| 035 |
|
|
|a urn:nbn:sk:snk-amyea0
|
| 035 |
|
|
|a urn:nbn:sk:snk-am00ci5i
|
| 035 |
|
|
|a 23F2818C-072F-475D-9245-C881CFD18D3B
|
| 040 |
|
|
|a SNK
|b slo
|c SNK
|e AACR2
|
| 041 |
0 |
|
|a slo
|
| 044 |
|
|
|a xo
|c SK
|
| 080 |
|
|
|a 612.1/.8(075.8)
|2 1981
|
| 100 |
1 |
|
|a Štulrajter, Vojtech,
|d 1936-2010
|4 aut
|9 198084
|
| 245 |
1 |
0 |
|a Fyziológia človeka pre študentov FTVŠ UK
|c Vojtech Štulrajter
|
| 250 |
|
|
|a 3. nezm. vyd.
|
| 260 |
|
|
|a Bratislava
|b Univerzita Komenského
|c 1998
|
| 300 |
|
|
|a 188 s.
|b grafy, sch.
|c 29 cm
|
| 366 |
|
|
|e 400 výt.
|
| 504 |
|
|
|a Bibliogr. s. 185
|
| 650 |
0 |
7 |
|a fyziológia človeka
|2 SNKPH
|9 1098
|
| 655 |
|
7 |
|a učebnice vysokých škôl
|2 SNKPH
|9 70191
|
| 710 |
2 |
|
|a Univerzita Komenského v Bratislave.
|b Fakulta telesnej výchovy a športu
|4 pbl
|
| 919 |
|
|
|a 80-223-1286-X
|
| 958 |
|
|
|a OND
|
| 958 |
|
|
|a NB
|
| 958 |
|
|
|a MI
|
| 999 |
|
|
|c 632599
|d 634529
|
| 952 |
|
|
|t P60, <03>, [BOOK], {603}
|a SNK
|b SNK
|y PREZ
|7 0
|p 17A0144969
|o snkSB 59067
|i snkKSP 6177/98
|0 0
|1 0
|4 0
|d 1998-06-12
|f 1
|l 0
|r 2025-04-11 00:00:00
|w 2026-02-23
|
| 952 |
|
|
|t P60, <04>, [BOOK], {604}
|a SNK
|b SNK
|y VYP
|7 0
|p 17A0144968
|o snkSB 59067 D1
|i snkKSP 6178/98
|0 0
|1 0
|4 0
|d 1998-06-12
|l 0
|r 2005-01-02 00:00:00
|w 2026-02-23
|